RANCANGAN MALAYSIA KE DUA BELAS : PROJEK PENILAIAN SUMBER UNSUR NADIR BUMI : PENILAIAN POTENSI SUMBER UNSUR NADIR BUMI KAWASAN HULU KERLING, DAERAH HULU SELANGOR, SELANGOR / Oleh : AZMI ABU BAKAR, ABDUL HADI ABDUL RAHMAN (Record no. 27215)

000 -LEADER
fixed length control field 00959nam a22001937a 4500
008 - FIXED-LENGTH DATA ELEMENTS--GENERAL INFORMATION
fixed length control field 260422b ||||| |||| 00| 0 eng d
082 04 - DEWEY DECIMAL CLASSIFICATION NUMBER
Classification number 553.8
100 00 - MAIN ENTRY--PERSONAL NAME
Personal name Azmi Abu Bakar
245 10 - TITLE STATEMENT
Title RANCANGAN MALAYSIA KE DUA BELAS : PROJEK PENILAIAN SUMBER UNSUR NADIR BUMI : PENILAIAN POTENSI SUMBER UNSUR NADIR BUMI KAWASAN HULU KERLING, DAERAH HULU SELANGOR, SELANGOR / Oleh : AZMI ABU BAKAR, ABDUL HADI ABDUL RAHMAN
250 ## - EDITION STATEMENT
Edition statement NO LAPORAN: JMG.SWP (REE) 01/2023
260 ## - PUBLICATION, DISTRIBUTION, ETC.
Place of publication, distribution, etc. Shah Alam, Selangor :
Name of publisher, distributor, etc. Jabatan MIneral dan Geosains Malaysia Selangor/Wilayah,
Date of publication, distribution, etc. 2023
300 ## - PHYSICAL DESCRIPTION
Extent 46 pages :
Other physical details some colour illustrations ;
Dimensions 30 cm
650 10 - SUBJECT ADDED ENTRY--TOPICAL TERM
General subdivision Rare earth elements
Geographic subdivision Malaysia
-- Hulu Selangor
650 20 - SUBJECT ADDED ENTRY--TOPICAL TERM
General subdivision Geological surveys
Geographic subdivision Malaysia
-- Hulu Selangor
650 20 - SUBJECT ADDED ENTRY--TOPICAL TERM
General subdivision Mineral resources
Geographic subdivision Malaysia
-- Hulu Selangor
650 20 - SUBJECT ADDED ENTRY--TOPICAL TERM
General subdivision Economic geology
Geographic subdivision Malaysia
650 20 - SUBJECT ADDED ENTRY--TOPICAL TERM
General subdivision Mineral exploration
Geographic subdivision Malaysia
-- Hulu Selangor
942 ## - ADDED ENTRY ELEMENTS (KOHA)
Source of classification or shelving scheme
Edition 23
Classification part 553.8
Holdings
Withdrawn status Lost status Source of classification or shelving scheme Damaged status Not for loan Collection code Permanent Location Current Location Date acquired Total Checkouts Full call number Date last seen Price effective from Koha item type
Available         Open Shelf JMG IBUPEJABAT JMG IBUPEJABAT 22/04/2026   553.8 AZM 22/04/2026 22/04/2026 Reports